Consuelo Álvarez, "Violeta" : (Record no. 77822)

MARC details
000 -LEADER
campo de control de longitud fija 01897nam a2200361 i 4500
001 - NÚMERO DE CONTROL
campo de control 77822
003 - IDENTIFICADOR DE NÚMERO DE CONTROL
campo de control SpMaBN
005 - FECHA Y HORA DE LA ÚLTIMA TRANSACCIÓN
campo de control 20250727124133.0
008 - DATOS DE LONGITUD FIJA--INFORMACIÓN GENERAL
campo de control de longitud fija 200306s2016 sp a |||| |bspa d
020 ## - NÚMERO INTERNACIONAL ESTÁNDAR DEL LIBRO
Número Internacional Estándar del Libro 978-84-617-5899-9
080 ## - NÚMERO DE LA CLASIFICACIÓN DECIMAL UNIVERSAL
Número de la Clasificación Decimal Universal 929 Álvarez, Consuelo
100 1# - ENTRADA PRINCIPAL--NOMBRE DE PERSONA
Nombre de persona Crespo, María Victoria.
9 (RLIN) 41528
245 10 - MENCIÓN DEL TÍTULO
Título Consuelo Álvarez, "Violeta" :
Resto del título telegrafista, periodista y defensora de los derechos de la mujer /
Mención de responsabilidad, etc. Victoria Crespo.
250 ## - MENCION DE EDICION
Mención de edición 1ª ed.
260 ## - PUBLICACIÓN, DISTRIBUCIÓN, ETC.
Lugar de publicación, distribución, etc. Madrid :
Nombre del editor, distribuidor, etc. Fundación Rogelio Segovia para el Desarrollo de las Telecomunicaciones,
Fecha de publicación, distribución, etc. 2016.
300 ## - DESCRIPCIÓN FÍSICA
Extensión 343 p. :
Otras características físicas il. ;
Dimensiones 24 cm.
490 1# - MENCIÓN DE SERIE
Mención de serie Cuadernos de historia de las telecomunicaciones ;
Designación de volumen o secuencia 9
500 ## - NOTA GENERAL
Nota general Cronología.
500 ## - NOTA GENERAL
Nota general Índice.
504 ## - NOTA DE BIBLIOGRAFÍA, ETC.
Nota de bibliografía, etc. Bibliografía: p. 333-338.
505 8# - NOTA DE CONTENIDO CON FORMATO
Nota de contenido con formato Contiene: "Violeta" ateneísta (1907-1936), p. 103-113 ; Apéndice documental: Selección de poemas. Selección de cuentos. Selección de artículos por temas
530 ## - NOTA DISPONIBLE DE FORMULARIO FÍSICO ADICIONAL
Nota de formato físico adicional disponible Disponible en formato digital.
596 ## - NOTA AL PIE DE IMPRENTA
NOTA AL PIE DE IMPRENTA En cub.: Escuela Técnica Superior de Ingenieros de Telecomunicación, Universidad Politécnica de Madrid.
600 14 - PUNTO DE ACCESO ADICIONAL DE MATERIA--NOMBRE DE PERSONA
Nombre de persona Álvarez, Consuelo,
Fechas asociadas al nombre 1867-1959
9 (RLIN) 169877
700 1# - ENTRADA AGREGADA--NOMBRE PERSONAL
Nombre de persona Álvarez, Consuelo,
Fechas asociadas al nombre 1867-1959
9 (RLIN) 169877
710 2# - ENTRADA AGREGADA--NOMBRE DE ENTIDAD CORPORATIVA
Nombre de entidad corporativa o nombre de jurisdicción como elemento de entrada Universidad Politécnica de Madrid.
Unidad subordinada Escuela Técnica Superior de Ingenieros de Telecomunicación.
9 (RLIN) 7441
830 1# - PUNTO DE ACCESO ADICIONAL DE SERIE-TÍTULO UNIFORME
Título uniforme Cuadernos de historia de las telecomunicaciones ;
Designación de volumen o secuencia 9
9 (RLIN) 231363
852 4# - LOCALIZACIÓN
Ubicación ES-MaACL
Número de control de estantería A-14561
itemnumber 80735
Sublocalización o colección R.151935
Ubicación en estantería Depósito 1
Signatura antigua Olim: N-7561
Donativo/Legado Donación: Victoria Crespo
Nota libre Revisado enlace: 27 de julio de 2025
856 4# - LOCALIZACIÓN Y ACCESO ELECTRÓNICOS
Identificador Uniforme de Recursos <a href="https://forohistorico.coit.es/index.php/biblioteca/libros-electronicos/item/consuelo-alvarez-violeta-telegrafista-periodista-y-defensora-de-los-derechos-de-la-mujer">https://forohistorico.coit.es/index.php/biblioteca/libros-electronicos/item/consuelo-alvarez-violeta-telegrafista-periodista-y-defensora-de-los-derechos-de-la-mujer</a>
Texto de enlace (Foro Histórico de las Telecomunicaciones)
903 ## - NOMBRE PERSONAL DE DONANTE
9 41528
a Crespo, María Victoria
942 ## - ELEMENTOS DE ENTRADA SECUNDARIOS (KOHA)
Fuente del sistema de clasificación o colocación Clasificación decimal universal
Tipo de ítem Koha Libro impreso
Holdings
Estatus retirado Estado de pérdida Fuente del sistema de clasificación o colocación Estado de daño No para préstamo Colección Biblioteca de origen Biblioteca actual Ubicación en estantería Fecha de adquisición Fuente de adquisición Total de préstamos Signatura topográfica completa Código de barras Visto por última vez Precio de reemplazo Tipo de ítem Koha
    Clasificación decimal universal     Colección digital Biblioteca del Ateneo de Madrid Biblioteca del Ateneo de Madrid Depósito 1 25/05/2005 Donación   A-14561 1201680 23/02/2023 23/02/2023 Libro impreso